000 00401nam a22001217a 4500
003 OSt
008 250121b |||||||| |||| 00| 0 eng d
041 _aeng
100 _aWorld Energy Conference
_96968
245 _aDo Vol.A International Cooperation in the field of Breed 2 Reactors.RT 1a
260 _aNew Delhi:
_bOrganising Committe 12th Congress of the World Energy Conference,
_c1983.
942 _cBK
999 _c19092
_d19092